Statistics for Airline Logos Quiz

Click here to take the quiz!

General Stats

  • This quiz has been taken 294 times
  • The average score is 13 of 20

Answer Stats

Answer% Correct
Air Canada
89%
American Airlines
88%
Swiss
82%
Lufthansa
81%
Qantus
79%
British airways
73%
Emirates
70%
KLM
69%
Ryanair
65%
South African Air
62%
Korean Air
61%
Southwest
57%
Alitalia
56%
Japan Air
56%
Turkish Airlines
56%
Aer lingus
55%
Thai Airways
53%
Air Newzealand
52%
Iberia
51%
Air China
47%

Score Distribution

Percentile by Number Answered

Percent of People with Each Score

Your Score History

You have not taken this quiz